|
|
|
|
| LEADER |
00000naa2a2200000 4500 |
| 001 |
608970 |
| 005 |
20240201114453.0 |
| 035 |
|
|
|a (RuTPU)RU\TPU\conf\6416
|
| 090 |
|
|
|a 608970
|
| 100 |
|
|
|a 20141021d2014 k y0rusy50 ca
|
| 101 |
0 |
|
|a rus
|
| 102 |
|
|
|a RU
|
| 105 |
|
|
|a y z 101zy
|
| 135 |
|
|
|a drgn ---uucaa
|
| 181 |
|
0 |
|a i
|
| 182 |
|
0 |
|a b
|
| 200 |
1 |
|
|a Выявление условий эффективности водоподготовительных установок
|f Е. С. Воронцова, Р. Н. Арюков, В. И. Клешня
|g науч. рук. Т. С. Тайлашева
|
| 203 |
|
|
|a Текст
|c электронный
|
| 225 |
1 |
|
|a Повышение эффективности работы тепловых и атомных электростанций
|
| 300 |
|
|
|a Заглавие с титульного экрана
|
| 320 |
|
|
|a [Библиогр.: с. 293-294 (3 назв.)]
|
| 337 |
|
|
|a Adobe Reader
|
| 461 |
|
1 |
|0 (RuTPU)RU\TPU\conf\6228
|t Интеллектуальные энергосистемы
|o труды II Международного молодёжного форума, 6-10 октября 2014 г., г. Томск
|o в 2 т.
|f Национальный исследовательский Томский политехнический университет (ТПУ)
|d 2014
|
| 463 |
|
1 |
|0 (RuTPU)RU\TPU\conf\6230
|t Т. 1
|v [С. 290-294]
|d 2014
|
| 610 |
1 |
|
|a труды учёных ТПУ
|
| 610 |
1 |
|
|a электронный ресурс
|
| 610 |
1 |
|
|a эффективность
|
| 610 |
1 |
|
|a водоподготовительные установки
|
| 610 |
1 |
|
|a электрические станции
|
| 610 |
1 |
|
|a теплоэнергетика
|
| 610 |
1 |
|
|a мембранные установки
|
| 700 |
|
1 |
|a Воронцова
|b Е. С.
|c специалист в области теплоэнергетики
|c инженер Томского политехнического университета
|f 1990-
|g Елена Сергеевна
|3 (RuTPU)RU\TPU\pers\32871
|9 16719
|
| 701 |
|
1 |
|a Арюков
|b Р. Н.
|
| 701 |
|
1 |
|a Клешня
|b В. И.
|
| 702 |
|
1 |
|a Тайлашева
|b Т. С.
|c российский ученый, специалист в области теплотехники
|c доцент Томского политехнического университета, кандидат технических наук
|f 1975-
|g Татьяна Сергеевна
|4 727
|
| 712 |
0 |
2 |
|a Национальный исследовательский Томский политехнический университет (ТПУ)
|b Энергетический институт (ЭНИН)
|b Кафедра парогенераторостроения и парогенераторных установок (ПГС и ПГУ)
|3 (RuTPU)RU\TPU\col\18681
|
| 801 |
|
2 |
|a RU
|b 63413507
|c 20200311
|g RCR
|
| 856 |
4 |
|
|u http://www.lib.tpu.ru/fulltext/c/2014/C43/V1/074.pdf
|
| 942 |
|
|
|c BK
|